000 00203nam a2200085Ia 4500
008 120527s9999 xx 000 0 und d
100 _aPantall, et al
245 _aTaking care of your children
942 _cBK
999 _c27298
_d27298